| 000 | 01047nmc a2200361 a 4500 | ||
|---|---|---|---|
| 003 | AR-BaBNM | ||
| 005 | 20251128204719.0 | ||
| 008 | 011101s1991 ||||||||||||||000 | spa|| | ||
| 020 | _a84-7738-083-X | ||
| 040 | _cAR-BaBNM | ||
| 245 | 1 | 0 | _aCirculando por el círculo |
| 260 |
_aMadrid _bSíntesis _c1991 |
||
| 300 |
_a163 p. _bil., gráfs. |
||
| 490 | 0 |
_aMatemáticas: cultura y aprendizaje _vv. 18 |
|
| 500 | _aReferencias bibliográficas | ||
| 500 | _aLista de títulos de la colección | ||
| 650 | 4 | _aMATEMATICA | |
| 650 | 4 | _aENSENANZA DE LAS MATEMATICAS | |
| 650 | 4 | _aHISTORIA | |
| 650 | 4 | _aMATEMATICA | |
| 650 | 4 | _aGEOMETRIA | |
| 650 | 4 | _aACTIVIDADES DE APRENDIZAJE | |
| 650 | 4 | _aMATEMATICAS APLICADAS | |
| 650 | 4 | _aDIDACTICA | |
| 653 | _aPOLIGONOS | ||
| 653 | _aTEOREMAS | ||
| 700 | 1 |
_aPadilla Díaz, Francisco _ecolaborador |
|
| 700 | 1 |
_aSantos Hernández, Arnulfo _ecolaborador |
|
| 700 | 1 |
_aVelázquez, Fidela _ecolaborador |
|
| 700 | 1 |
_aFernández Reyes, Manuel _ecolaborador |
|
| 942 | _cBK | ||
| 998 | _cMARTIN | ||
| 999 |
_c8536 _d8536 |
||